Rehabilitation counseling : basics & beyond /

Bibliographic Details
Other Authors: Parker, Randall M., 1940-
Format: Book
Language:English
Published: Austin, Tex. : Pro-Ed, [1987]
Subjects:

MARC

Tag First Indicator Second Indicator Subfields
LEADER 00000cam a2200000 a 4500
001 in00000032118
005 20151007055041.0
008 860723s1987 txu b 00100 eng
010 |a  86018729  
020 |a 0890791422 (pbk.) 
035 |a (OCoLC)14068901 
035 |9 AAB7083AM 
040 |a DLC  |c DLC  |d m/c  |d TXA  |d UtOrBLW 
043 |a n-us--- 
049 |a TXAM  |c [A11535497] 
050 0 0 |a HV1553  |b .R445 1987 
082 0 |a 362.4/0486  |2 19 
245 0 0 |a Rehabilitation counseling :  |b basics & beyond /  |c edited by Randall M. Parker. 
264 1 |a Austin, Tex. :  |b Pro-Ed,  |c [1987] 
264 4 |c ©1987 
300 |a xi, 335 pages ;  |c 23 cm. 
336 |a text  |b txt  |2 rdacontent 
337 |a unmediated  |b n  |2 rdamedia 
338 |a volume  |b nc  |2 rdacarrier 
504 |a Includes bibliographies and indexes. 
505 0 |a Rehabilitation history and legislation / William M. Jenkins -- The federal-state vocational rehabilitation program / Kerry Mandeville and Robert Brabham -- Psychosocial counseling / Kenneth Thomas, Alfred Butler, and Randall Parker -- Psychosocial impact of disability / Daniel Cook -- Placement and career development in rehabilitation / David Vandergoot -- Research in rehabilitation counseling / Brian Bolton and Randall Parker -- Independent living / Margaret A. Nosek -- Rehabilitation counseling in the private sector / Ross K. Lynch and Richard J. Beck -- Computer applications in rehabilitation / E. Jane Burkhead -- Transition from school to work / Jim L. Daniels. 
650 0 |a Rehabilitation  |z United States. 
650 0 |a Rehabilitation counseling. 
700 1 |a Parker, Randall M.,  |d 1940- 
999 |a MARS 
999 f f |s 3002798e-3749-3fc7-90c9-479e0fa6c0c1  |i 936430b6-3832-3cf0-9c4d-19f040e1909c  |t 0 
952 f f |p ric  |a Texas A&M University  |b Rellis Campus  |c Joint Library Facility  |d Remote Storage  |t 0  |e HV1553 .R445 1987  |h Library of Congress classification  |i unmediated -- volume  |m A14811535497 
998 f f |a HV1553 .R445 1987  |t 0  |l Remote Storage